Statistics for Fictional Characters from the Midwest

Click here to take the quiz!

General Stats

  • This quiz has been taken 7,667 times
    (3,594 since last reset)
  • The average score is 14 of 21

Answer Stats

Description Home Character % Correct
Cartoon cat who loves lasagnaMuncie, IndianaGarfield
96%
She rode a tornado to OzKansasDorothy Gale
94%
Alien from KryptonSmallvilleClark Kent
93%
Captain ... of ... the starship ... EnterpriseRiverside, IowaJames T. Kirk
91%
Best friend of Tom SawyerHannibal, MissouriHuckleberry Finn
89%
Cybernetic law enforcerDetroitRoboCop
82%
Teenage truant who had a fun day in ChicagoShermer, IllinoisFerris Bueller
80%
"Happy Days" character who had a magic touch
with jukeboxes
MilwaukeeArthur Fonzarelli
78%
Big green mascot of frozen vegetablesLe Sueur, MinnesotaThe Jolly Green Giant
73%
Best friend of Rocky the Flying SquirrelFrostbite Falls, MinnesotaBullwinkle J. Moose
67%
Legendary giant lumberjackMichigan, Minnesota, or WisconsinPaul Bunyan
64%
Shoe salesman who is married with childrenChicago areaAl Bundy
59%
The baddest man in the whole town, according to Jim CroceChicagoLeroy Brown
57%
Working-class mother of Becky, Darlene, and D.J.Lanford, IllinoisRoseanne Conner
57%
Nerdy neighbor who asked "did I do that"?ChicagoSteve Urkel
53%
Blue ox of the aboveMichigan, Minnesota, or WisconsinBabe
52%
"Tool Time" host who wants more power!!!Detroit areaTim Taylor
46%
Dog who wants to "take a bite out of crime"ChicagoScruff McGruff
43%
Beautiful bride of comic strip husband Dagwood BumsteadJoplin, MissouriBlondie
43%
Parks department bureaucrat who admires Hillary ClintonPawnee, IndianaLeslie Knope
34%
"Cheerios" coach and glee club antagonistLima, OhioSue Sylvester
18%

Score Distribution

Percentile by Number Answered

Percent of People with Each Score

Your Score History

You have not taken this quiz since the last reset